000 00582nam a2200241 a 4500
001 nice12345678
003 IN_TiNIC
005 20260116011704.0
008 050524s1979 puna grp 000 0 eng
020 _a
_c1001.65
082 0 0 _a340.59
_bPEA
100 _aPearl, David
245 _aText Book on Muslim Law
260 _aPunjab
_blitracy unit
_c1979
300 _a317p
500 _aincludes index and biblioraphy
505 2 _aAppendex, Bibliography, Index
650 _aIslamic-Law
700 1 _aPearl, David
902 _bSRS
942 _cBK
999 _c3418
_d3418